|
|
|
|
| LEADER |
00000nab a2200000 a 4500 |
| 001 |
vtls010313370 |
| 003 |
SK-MaSNL |
| 005 |
20260303091429.0 |
| 008 |
110926 2011 xo m 000 0 cze |
| 015 |
|
|
|a SNBRB2011/09
|2 lmaosk
|
| 040 |
|
|
|a LMAOSK
|b slo
|c LMAOSK
|e AACR2
|
| 041 |
0 |
|
|a cze
|a slo
|
| 044 |
|
|
|a xo
|c SK
|
| 080 |
|
|
|a 623.444.95
|2 1981
|
| 100 |
1 |
|
|a Herman, Vlastimil
|4 aut
|9 1085466
|
| 245 |
1 |
0 |
|a Uniformy, výstroj, materiály
|b pistolová pouzdra
|c Vlastimil Herman
|
| 300 |
|
|
|b Fotogr.
|
| 500 |
|
|
|a Dokončenie
|
| 610 |
1 |
7 |
|a Česko.
|b Armáda
|2 lmaosk
|9 114953
|
| 650 |
0 |
7 |
|a pištoľové puzdra
|2 lmaosk
|9 1099654
|
| 650 |
0 |
7 |
|a puzdro na pištoľ
|2 lmaosk
|9 1099656
|
| 650 |
0 |
7 |
|a výstroj a výzbroj
|x modernizácia
|x vojenské bojové oblečenie
|2 lmaosk
|9 1099655
|
| 773 |
0 |
|
|t ATM
|g Roč. 43, č. 9 (2011), s. 18-19
|x 1802-4823
|
| 852 |
|
|
|a LMAOSK
|b KIS3GCP
|
| 856 |
4 |
1 |
|u http://www.atmonline.cz
|
| 958 |
|
|
|a NB
|
| 958 |
|
|
|a CZ
|
| 999 |
|
|
|c 1807513
|d 1809443
|